[Event "Offerspill Invitational 2020"]
[Site "Oslo"]
[Date "2020.06.16"]
[Round "7.2"]
[White "Haldorsen, Benjamin"]
[Black "Haug, Johannes"]
[Result "1/2-1/2"]
[WhiteElo "2458"]
[BlackElo "2431"]
[Annotator "TA"]
[PlyCount "53"]
[EventDate "2020.06.10"]
[EventType "swiss"]
[EventCountry "NOR"]
[SourceTitle "playchess.com"]
[Source "ChessBase"]
[SourceQuality "1"]

{[%evp 29,53,7,14,0,14,6,8,8,8,10,30,8,31,25,56,0,0,0,0,0,0,0,0,0,0,0]} 1. Nf3 Nf6 2. c4 b6 3. g3 Bb7 4. Bg2 c5 5. O-O g6 6. b3 Bg7 7. Bb2 O-O 8. Nc3 d5 9. Nxd5 Nxd5 10. Bxg7 Kxg7 11. cxd5 Qxd5 12. d4 cxd4 13. Qxd4+ Qxd4 14. Nxd4 Bxg2 15. Kxg2 Rc8 16. Rfc1 {A30: Symmetrical English: Double Fianchetto and Hedgehog.} Na6 17. a3 Nc5 18. b4 {[#]} Na4 $146 ({Predecessor:} 18... Rd8 19. Nc6 Rd6 20. Nxe7 Nb3 21. Rd1 Re6 22. Rab1 Rxe7 23. Rxb3 Ree8 24. Rd7 a5 25. Rf3 Rf8 26. Rd6 axb4 27. axb4 Rfb8 28. Rd7 Rf8 29. Rb7 {½-½ (29) Schneider,L (2375)-Rath,U (2420) Esbjerg 1977}) 19. Nb5 a5 20. Rab1 Rab8 21. Kf3 f5 22. Na7 ({Better is} 22. e4 $14) 22... Rc3+ $11 {The position is equal.} 23. e3 axb4 24. axb4 b5 25. Rxc3 Nxc3 26. Rc1 Nd5 27. Rc5 {Accuracy: White = 90%, Black = 88%.} 1/2-1/2

[Event "Offerspill Invitational 2020"]
[Site "Oslo"]
[Date "2020.06.16"]
[Round "7.3"]
[White "Mihajlov, Sebastian"]
[Black "Notkevich, Benjamin Arvola"]
[Result "0-1"]
[WhiteElo "2389"]
[BlackElo "2476"]
[Annotator "TA"]
[PlyCount "68"]
[EventDate "2020.06.10"]
[EventType "swiss"]
[EventCountry "NOR"]
[SourceTitle "playchess.com"]
[Source "ChessBase"]
[SourceQuality "1"]

{[%evp 13,68,12,14,18,16,29,18,2,10,0,22,16,73,87,80,62,60,72,82,77,142,142,153,152,211,97,127,71,63,40,57,45,55,-69,-72,-74,-85,-72,-72,-81,-85,-83,-76,-146,-135,-131,-132,-341,-339,-419,-200,-413,-419,-397,-415,-384,-364]} 1. e4 e6 2. d4 d5 3. Nc3 Bb4 4. Nge2 dxe4 5. a3 Be7 6. Nxe4 Nf6 7. Nxf6+ Bxf6 8. Be3 {C15: French: 3 Nc3 Bb4: Unusual White 4th moves.} O-O 9. Qd3 b6 10. O-O-O {[#] The position is equal.} Bb7 $146 ({Predecessor:} 10... Ba6 11. Qe4 Nd7 12. g4 Qc8 13. Rg1 c5 14. g5 Be7 15. d5 Bb7 16. Nc3 Re8 {1-0 (23) Rathnakaran,K (2469)-Van Osch,M (2288) Hoogeveen 2016}) 11. Rg1 Nd7 12. g4 Rc8 (12... g6 $11) 13. g5 $16 Be7 14. Bg2 Bxg2 15. Rxg2 b5 16. d5 e5 (16... Nb6 $142) 17. Qxb5 ({Of course not} 17. Bxa7 $6 b4 $11) 17... Rb8 18. Qc6 f5 (18... Nb6 $16 {was necessary.} 19. Nc3 Qc8) 19. f4 ({Not} 19. Bxa7 Ra8 $11) (19. gxf6 $1 $18 Rxf6 20. Qc4 (20. Bxa7 Rxc6 21. dxc6 Bd6 $17)) 19... Bd6 20. fxe5 ({White should try} 20. Bxa7 Ra8 21. Be3) 20... Nxe5 {[%cal Bd7e5,Be5g4,Bg4f2,Bf2d3][%mdl 32]} 21. Qc3 $1 Qe7 $1 {White must now prevent ...Nc4!} 22. Bf4 Ng4 23. h3 (23. Bxd6 $14 cxd6 24. Nd4) 23... Qe4 $1 $15 {[%cal Re4g2][%mdl 64] Double Attack} 24. Bxd6 cxd6 25. Rgg1 Rfc8 $1 {[%cal Rc8c3]} 26. Qd3 {[#]} Nf2 $1 {[%cal Rf2d3]} 27. Qxe4 fxe4 28. Rd4 {[#]} (28. Rdf1 $142 Nd3+ {[%mdl 64] Double Attack} 29. Kd2 Nxb2 30. Nd4) 28... Nd3+ $1 $40 {[%mdl 128] Black wants a kill.} 29. Kd2 Rxb2 30. Rxe4 $2 (30. Nc3 $17) 30... Nf2 $19 {[%mdl 64] Double Attack} 31. Re3 {Threatens to win with Nc3.} Rcxc2+ 32. Ke1 {[#]} Nxh3 $1 {[%mdl 512] Black is winning.} 33. Rxh3 {Re3 is the strong threat.} Rxe2+ 34. Kd1 Rg2 {Black used his chance. Accuracy: White = 68%, Black = 87%.} 0-1

[Event "Offerspill Invitational 2020"]
[Site "Oslo"]
[Date "2020.06.16"]
[Round "7.4"]
[White "Risting, Eivind Olav"]
[Black "Pantzar, Milton"]
[Result "0-1"]
[WhiteElo "2300"]
[BlackElo "2417"]
[Annotator "TA"]
[PlyCount "66"]
[EventDate "2020.06.10"]
[EventType "swiss"]
[EventCountry "NOR"]
[SourceTitle "playchess.com"]
[Source "ChessBase"]
[SourceQuality "1"]

{[%evp 9,66,21,32,27,27,33,33,25,25,30,31,18,18,22,31,31,30,19,12,0,0,0,0,0,0,0,0,-64,-14,-16,-9,-8,-20,-34,-26,-81,-91,-56,-96,-204,-205,-189,-196,-302,-312,-335,-325,-359,-352,-392,-386,-513,-385,-405,-335,-29943,-12839,-12833,-12819]} 1. d4 d5 2. c4 e6 3. Nc3 a6 4. cxd5 exd5 5. Nf3 h6 6. Bf4 {D31: Queen's Gambit Declined: Semi-Slav without ...Nf6 (+ Marshall Gambit and Noteboom) and Exchange Variation lines without ...Nf6.} Nf6 7. e3 Bd6 8. Be5 {White is slightly better.} c6 9. Bd3 O-O {[#]} 10. Qc2 $146 ({Predecessor:} 10. h3 Bxe5 11. Nxe5 Nbd7 12. f4 c5 13. Qf3 cxd4 14. exd4 b5 15. O-O Bb7 16. Kh2 {½-½ (30) Liu,Y (2524)-Gukesh,D (2535) Shanghai 2019}) 10... Re8 11. O-O Bg4 {Black wants to play ...Bxf3.} 12. Bxd6 Qxd6 13. Ne5 c5 14. Nxd5 Nxd5 ({Much worse is} 14... Qxd5 $6 15. Bc4 $16) 15. Nxg4 cxd4 16. exd4 Nc6 17. Rad1 Rad8 18. h3 ({Better is} 18. Qc5 $11) 18... Ndb4 (18... Nf4 $5 {[%cal Rc6d4]} 19. Kh1 Nxd4 $17) 19. Qb1 Nxd4 20. Bh7+ Kh8 21. a3 Nbc6 22. Be4 {[#]} (22. Bd3 $11) 22... Rxe4 $1 $17 {[%mdl 576] Remove Defender, Decoy} 23. Qxe4 {Black must now prevent Ne3.} f5 $36 {[%mdl 2112] Double Attack. Black has strong initiative.} 24. Qe3 (24. Nxh6 $17 Qxh6 25. Qb1) 24... fxg4 $19 25. hxg4 Qg6 26. Qh3 (26. Rde1 {keeps fighting.}) 26... Ne2+ 27. Kh1 Ncd4 28. Qh5 Qe4 29. Qh4 Rd5 30. Rfe1 Rg5 31. f3 Qf4 {And now ...Nf5! would win.} 32. Qh2 $2 (32. Rxd4 $19 Nxd4 33. Qh2) 32... Ng3+ 33. Kg1 Nde2+ {Accuracy: White = 50%, Black = 93%.} 0-1

[Event "Offerspill Invitational 2020"]
[Site "Oslo"]
[Date "2020.06.16"]
[Round "7.5"]
[White "Kvaloy, Aksel Bu"]
[Black "Urkedal, Frode Olav Olsen"]
[Result "0-1"]
[WhiteElo "2164"]
[BlackElo "2557"]
[Annotator "TA"]
[PlyCount "52"]
[EventDate "2020.06.10"]
[EventType "swiss"]
[EventCountry "NOR"]
[SourceTitle "playchess.com"]
[Source "ChessBase"]
[SourceQuality "1"]

{[%evp 25,52,-8,-14,-29,-27,-41,-16,-16,-10,-33,-34,-77,-72,-36,-23,-309,-200,-337,-331,-334,-319,-681,-662,-1580,-1579,-29994,-29995,-29996,-29997]} 1. e4 e5 2. Nf3 Nc6 3. Nc3 Nf6 4. d4 exd4 5. Nxd4 Bb4 6. Nxc6 bxc6 7. Bd3 d5 8. exd5 O-O 9. O-O cxd5 10. Bg5 c6 11. Na4 h6 12. Bh4 Re8 13. c3 Bd6 14. b4 {C47: Scotch Four Knights and Four Knights with 4 g3.} a5 15. a3 axb4 16. axb4 {The position is equal.} Ra7 17. Bc2 Ba6 {And now ...g5 would win.} 18. Nc5 {[#]} Bxf1 $146 ({Predecessor:} 18... Be2 19. Qd2 Qb8 20. Bxf6 Bxh2+ 21. Kh1 Bf4 22. Qd4 gxf6 23. Rxa7 Re5 24. f3 Be3 25. Qg4+ Rg5 26. Rfa1 Rxg4 27. fxg4 Qg3 28. Ra8+ Kg7 {0-1 (28) Wegener,D (2295)-Giorgadze,G Cuxhaven 1993}) 19. Rxa7 Be2 $36 {[%mdl 2048] White is under pressure.} 20. Qd4 $2 {[%mdl 8192] [#] This move loses the game for White.} (20. Qa1 $1 $11) 20... Bxh2+ $1 {[%mdl 576] Decoy} 21. Kxh2 (21. Kh1 {is the only way for White.} Be5 22. Qe3) 21... Qb8+ $19 {[%mdl 64] Double Attack} 22. Bg3 Qxa7 23. f3 $2 {[#]} (23. Bf5) 23... Bxf3 $1 24. Bh4 {[#]} (24. gxf3 Re2+) 24... Re2 $1 {[%mdl 64] Double Attack} 25. Qd3 Rxg2+ 26. Kh3 Qc7 {Accuracy: White = 22%, Black = 71%.} 0-1

[Event "Offerspill Invitational 2020"]
[Site "Oslo"]
[Date "2020.06.16"]
[Round "7.6"]
[White "Nilsen, Joachim Birger"]
[Black "Kaasen, Tor Fredrik"]
[Result "1-0"]
[WhiteElo "2411"]
[BlackElo "2401"]
[Annotator "TA"]
[PlyCount "96"]
[EventDate "2020.06.10"]
[EventType "swiss"]
[EventCountry "NOR"]
[SourceTitle "playchess.com"]
[Source "ChessBase"]
[SourceQuality "1"]

{[%evp 9,96,-4,-6,-2,-12,0,0,0,14,-18,-8,-29,-20,-25,-22,-35,-11,-23,-16,-24,-12,-27,-1,-60,-72,-72,-68,-61,-54,-68,-64,-141,-136,-142,-129,-142,-128,-133,-72,-72,-72,-72,-72,-79,-85,-92,-92,-93,-93,-118,-118,-118,-118,-126,-125,-508,-477,-365,-365,-364,-339,-258,-301,-228,-147,-147,-148,-155,-155,-155,0,0,0,0,0,0,0,0,29978,29979,29979,29980,29980,29981,29981,29982,29982,29983,29990]} 1. d4 Nf6 2. Bf4 g6 3. Nc3 d5 4. e3 Bg7 5. h4 c6 6. Be2 {A45: Trompowsky Attack.} h5 7. Nf3 Qb6 8. a3 {The position is equal.} Bg4 9. O-O {[#]} Nbd7 $146 ({Predecessor:} 9... Bxf3 10. Bxf3 Nbd7 11. Rb1 O-O 12. b4 Rfe8 13. Na4 Qd8 14. Nc5 b6 15. Nxd7 Qxd7 {½-½ (57) Tran,M (2366)-Zhao,J (2599) Hanoi 2018}) 10. Qd2 O-O 11. Ne5 Bxe2 12. Qxe2 a5 13. b3 Rac8 14. Rad1 e6 15. e4 Rfd8 16. Rfe1 (16. Be3 $11) 16... Nxe5 $15 17. Bxe5 Nxe4 18. Nxe4 {And now Nf6+ would win.} Bxe5 19. dxe5 {Threatens to win with Nd6.} dxe4 20. Rd6 (20. Qxe4 $15 Rd5 21. Qe2) 20... Rxd6 $17 21. exd6 {[%mdl 4096] Endgame KQR-KQR} Rd8 22. Rd1 Qc5 $1 23. d7 Qxa3 ({Black should play} 23... e3 24. fxe3 Qxa3) 24. Qxe4 Qe7 25. Qd4 e5 26. Qd2 b5 27. g3 a4 28. bxa4 bxa4 29. Qa5 Rxd7 30. Rxd7 Qxd7 31. Qxa4 {KQ-KQ} Qd1+ 32. Kh2 $2 {[%mdl 8192]} (32. Kg2 $17 {was the crucial defense.}) 32... Qd4 $1 $19 {[%cal Rd4a4]} 33. Qxc6 Qxf2+ 34. Kh3 Qf1+ 35. Kh2 Qe2+ $1 36. Kh3 e4 37. Qe8+ Kg7 38. Qe5+ Kh7 $1 39. Qf4 {[#]} Qf3 $2 ({And not} 39... Qxc2 40. Qxf7+ Kh8 41. Qf8+ Kh7 42. Qf7+ Kh8 43. Qf8+ Kh7 44. Qf7+ $11) ({Better is} 39... Qc4 $1 $17 {aiming for ...Qc8+.} 40. c3 Qd5) 40. Qxf3 $1 $11 exf3 {KP-KP} 41. Kh2 $1 f6 (41... Kg7 $5 42. Kg1 $8 {[#]} f2+ $1 {[%mdl 512]} 43. Kxf2 Kf6 $11) 42. c4 {Black must now prevent c5.} Kg7 {...Kf7 is the strong threat.} (42... Kg8 $5 43. Kg1 $8 Kf7 $11) 43. Kg1 g5 $2 {[%mdl 8192]} (43... Kf7 $11 44. Kf2 Ke6 45. Kxf3 Kd6) 44. c5 {White mates.} Kf7 45. c6 Ke7 {[#]} 46. g4 $1 {[%mdl 512]} hxg4 47. h5 Kd6 48. h6 Kd5 {Accuracy: White = 79%, Black = 83%.} 1-0

[Event "Offerspill Invitational 2020"]
[Site "Oslo"]
[Date "2020.06.16"]
[Round "7.7"]
[White "Ranaldi, Lucas"]
[Black "Holm, Kristian Stuvik"]
[Result "1-0"]
[WhiteElo "2353"]
[BlackElo "2462"]
[Annotator "TA"]
[PlyCount "97"]
[EventDate "2020.06.10"]
[EventType "swiss"]
[EventCountry "NOR"]
[SourceTitle "playchess.com"]
[Source "ChessBase"]
[SourceQuality "1"]

{[%evp 29,97,12,11,0,29,13,42,52,60,44,58,0,50,52,41,35,52,37,31,43,50,45,72,48,59,0,53,53,51,42,99,92,82,110,98,114,97,88,102,105,222,214,257,214,289,297,415,370,337,219,289,289,514,510,491,481,472,294,257,0,0,0,4881,2688,6087,5189,29962,11729,5834,5834]} 1. c4 g6 2. d4 Bg7 3. e4 d6 4. Nf3 Nf6 5. Nc3 O-O 6. Be2 e5 7. O-O Nc6 8. d5 Ne7 9. Ne1 Nd7 10. Be3 f5 11. f3 f4 12. Bf2 g5 13. Rc1 Ng6 14. c5 Nxc5 15. b4 Na6 $1 16. Nd3 {E99: King's Indian: Classical Main Line: 9 Ne1 Nd7 10 f3 f5.} Rf7 17. Nb5 h5 18. Nxa7 {White is slightly better.} Bd7 19. a4 Bf8 20. Nc6 (20. Kh1 $14) 20... bxc6 21. dxc6 {[#]} Bc8 $146 ({Predecessor:} 21... Be6 22. b5 Nc5 23. Nxc5 dxc5 24. Qxd8 Rxd8 25. a5 g4 26. b6 cxb6 27. axb6 g3 28. Bxc5 {1-0 (47) Ostmoe,G (2434)-Berg,E (2608) Oslo 2011}) 22. b5 Rg7 23. bxa6 Bxa6 24. Kh1 Kh7 25. Re1 Nh8 26. Nb4 Bc8 $1 27. Ra1 g4 28. g3 $1 Nf7 29. Nd5 $1 fxg3 ({Better is} 29... Ng5 $14) 30. hxg3 $16 Nh6 31. f4 exf4 32. Nxf4 h4 33. Kg2 Qg5 34. Qd5 Be7 (34... Nf7 $16 {keeps fighting.}) 35. Bd4 $1 $18 Rf7 36. Rf1 {gxh4 is the strong threat.} Ba6 37. Bxa6 $1 h3+ 38. Kg1 Rxa6 39. Qb5 $40 {[%mdl 128] White attacks with force.} Ra5 40. Qd3 (40. Qb8 Bf6 $11) 40... Kg8 $2 (40... Qg8 41. Kh2 Bg5 42. e5+ Rf5 43. Nxh3 Qg6) 41. Ne6 Qg6 42. Nxc7 d5 43. Rxf7 Nxf7 44. Bc3 $2 (44. Nxd5 Rxd5 45. c7 Rxd4 $1 $11 {[%mdl 512]}) (44. Nb5 $18 {Strongly threatening c7.} Ra6 45. c7) 44... dxe4 $11 45. Qd7 Qg5 $2 {[%mdl 8192] [#]} (45... e3 $11 46. Nd5 (46. Bxa5 Qc2 $11) (46. Qxe7 {is a self mate.} h2+ 47. Kh1 Qxc6+ {[%mdl 64] Double Attack} 48. Kxh2 Rh5+ 49. Qh4 Rxh4+ 50. gxh4 Qxc7+ 51. Kh1 Qxc3 52. Rb1 e2 53. Kg1 e1=Q+ 54. Rxe1 Qxe1+ {[%mdl 64] Double Attack} 55. Kh2 Qf2+ 56. Kh1 g3 57. h5 Qh2#) (46. Qe8+ Bf8 $15) 46... h2+ 47. Kh1 Qe4+ 48. Kxh2 Qc2+ 49. Kh1 Rxd5 {[%mdl 64] Remove Defender} 50. Qxd5 Qxc3) 46. Rf1 $1 $18 {White wants to mate with Qe8+.} ({Less strong is} 46. Qe8+ Bf8 $18) 46... Qc5+ {[#]} 47. Kh1 $1 {[%mdl 512] Intending Qe8+ and mate.} Qc4 48. Qe8+ Bf8 49. Rxf7 {Accuracy: White = 85%, Black = 44%.} 1-0

[Event "Offerspill Invitational 2020"]
[Site "Oslo"]
[Date "2020.06.16"]
[Round "7.8"]
[White "Vestby-Ellingsen, Mads"]
[Black "Sjoberg, Isak"]
[Result "0-1"]
[WhiteElo "2351"]
[BlackElo "2189"]
[Annotator "TA"]
[PlyCount "111"]
[EventDate "2020.06.10"]
[EventType "swiss"]
[EventCountry "NOR"]
[SourceTitle "playchess.com"]
[Source "ChessBase"]
[SourceQuality "1"]

{[%evp 14,111,59,0,0,-12,21,24,16,19,62,-33,0,-13,-2,-35,-30,-25,-16,-17,-18,-18,-20,-25,-29,-30,-27,-70,-9,-10,-9,-9,-9,-9,-9,-7,-10,-32,0,0,0,-14,-8,-13,-12,-9,0,-9,-21,-12,-4,-12,0,-79,0,0,0,0,0,0,0,0,0,0,0,0,0,0,0,-19,0,-109,-33,-40,0,0,0,0,0,0,0,0,0,0,0,0,0,0,0,-4,0,-8,-12,-27,0,0,0,0,0,0]} 1. Nf3 Nf6 2. g3 g6 3. b3 Bg7 4. Bb2 O-O 5. Bg2 d6 6. d4 e5 7. dxe5 Nfd7 8. c4 (8. Nc3 $14) 8... dxe5 $11 {A49: 1 d4 Nf6 2 Nf3 g6 3 g3: Anti-King's Indian systems.} 9. Qd2 {[#]} a5 $146 ({Predecessor:} 9... e4 10. Ng1 e3 11. fxe3 Ne5 12. Qxd8 Rxd8 13. Nd2 Na6 14. O-O-O Ng4 15. Bxg7 Kxg7 16. Ne4 Rxd1+ 17. Kxd1 f5 18. h3 Nxe3+ 19. Kd2 Nxg2 20. Ng5 h6 21. N5f3 f4 22. Rh2 Ne3 {0-1 (22) From,S (2285)-Olsen,H (2200) Copenhagen 1993}) 10. Nc3 c6 {White has an edge.} 11. Rd1 Qe7 12. e4 ({White should try} 12. O-O $14) 12... Na6 13. Na4 Nac5 {With the idea ...Nxa4.} 14. Nxc5 Nxc5 15. Qe3 $1 Bg4 16. O-O Ne6 17. Rd2 Bxf3 18. Qxf3 a4 19. Rfd1 axb3 20. Rd7 Qb4 (20... Qe8 $15 21. axb3 Nd4 22. Bxd4 Qxd7) 21. Qxb3 Qxb3 22. axb3 Nc5 23. Rc7 $1 Rfd8 24. Rxd8+ Rxd8 25. Bf3 h5 26. b4 Nb3 {Strongly threatening ...Rd2.} 27. b5 Rd2 28. Ba3 Nd4 29. Bg2 cxb5 30. cxb5 Nxb5 31. Rc8+ Kh7 32. Be7 Nd4 33. Bf1 (33. Rc7 $11) 33... Rb2 (33... Bh6 $1 $17 {Threatens to win with ...Nf3+.} 34. Bf6 Nf3+ 35. Kg2 Ne1+ 36. Kg1 g5) 34. Kg2 b5 35. Rb8 Nc6 36. Rb7 Nxe7 37. Rxe7 {[%mdl 4096] Endgame KRB-KRB} f5 38. exf5 gxf5 39. Rb7 b4 40. Bc4 e4 41. Kf1 h4 42. Rb5 {[#]} (42. gxh4 $11 {keeps the balance.} Kh6 43. Rb6+ Kh5 44. Rb5) 42... Kg6 (42... f4 $1 $17 {[%cal Rf4f3][%mdl 512] Hoping for ...f3.} 43. gxf4 Bd4) 43. Be6 $15 Bd4 (43... Be5 $5 44. g4 (44. Rxe5 Kf6 $17) 44... Kf6 45. Bxf5 Bd4 46. Bxe4 Rxf2+ {[%mdl 64] Double Attack} 47. Ke1 Rxh2 $15) 44. Bxf5+ Kf6 45. Bxe4 Rxf2+ 46. Ke1 Rxh2 47. gxh4 Bc3+ 48. Kd1 Rxh4 49. Bd3 Rh2 {aiming for ...Rd2+.} 50. Bc4 Ke7 51. Rd5 Rb2 52. Kc1 Rg2 53. Kb1 b3 {[%mdl 64] Decoy} 54. Bxb3 {The position is equal.} Rb2+ 55. Kc1 Rxb3 56. Kc2 {[%mdl 32768] Accuracy: White = 85%, Black = 82%. . Sensor Board Error (Ke4/e5)?} 0-1

[Event "Offerspill Invitational 2020"]
[Site "Oslo"]
[Date "2020.06.16"]
[Round "7.9"]
[White "Aarnes, Eirik"]
[Black "Fossan, Aleksander"]
[Result "1-0"]
[WhiteElo "1902"]
[BlackElo "2240"]
[Annotator "TA"]
[PlyCount "105"]
[EventDate "2020.06.10"]
[EventType "swiss"]
[EventCountry "NOR"]
[SourceTitle "playchess.com"]
[Source "ChessBase"]
[SourceQuality "1"]

{[%evp 9,105,32,16,10,45,54,79,51,54,42,67,34,45,27,33,33,33,33,87,83,87,85,99,63,74,45,136,30,32,8,7,6,6,0,0,0,0,0,25,0,48,58,120,109,86,68,240,227,249,247,380,369,1186,1181,1038,442,409,419,446,375,509,506,493,489,618,613,605,603,740,737,715,714,800,681,667,660,654,596,601,595,654,623,640,622,627,609,752,695,1472,1397,4722,29956,29983,29984,29980,29981,29994,29995]} 1. e4 c5 2. Nf3 Nf6 3. Nc3 d5 4. exd5 Nxd5 5. Bb5+ Bd7 6. Bc4 {B29: Sicilian: 2 Nf3 Nf6 (Nimzowitsch Variation).} Nxc3 7. dxc3 {And now Ng5 would win.} e6 {[#]} 8. Ne5 $146 {White is better.} ({Predecessor:} 8. O-O Be7 9. Qe2 Nc6 10. Bf4 Qb6 11. Rab1 Rd8 12. b4 cxb4 13. cxb4 a6 14. a3 {1-0 (28) Donate Moreno,S (1752)-Gonzalez Lopez,F (1433) Cuenca 2019}) 8... Nc6 9. Nxd7 Qxd7 10. Qe2 Bd6 11. Bg5 Qc7 12. g3 O-O 13. Bd3 a6 (13... Ne5 $14) 14. O-O-O $16 Ne5 15. Be4 Rae8 16. f4 {aiming for Rxd6.} Ng6 {[%cal Be5g6,Bg6e7,Be7f5][%mdl 32]} 17. h4 h6 ({Black should try} 17... f5 $14 18. Bf3 Nh8) 18. h5 (18. Bxg6 $1 $16 {Be4 is the strong threat.} fxg6 19. h5) 18... Ne7 $1 $11 19. Bh4 c4 20. Rd4 b5 21. Rhd1 $36 {[%mdl 2048] White fights for an advantage.} Nf5 $1 {[%cal Rf5d4]} 22. Bxf5 exf5 23. Qg2 Bc5 24. Rd7 Qa5 25. Qd5 b4 ({Better is} 25... Qb6 $1 $14) 26. cxb4 ({Reject} 26. Qxc4 $6 bxc3 27. Qxc3 Be3+ 28. Kb1 Qxc3 $11) 26... Qxb4 27. Rb7 Be3+ $2 {Black cannot hold the game after this.} (27... Bb6 $14 28. a3 Qc5) 28. Kb1 $18 Qc5 {[#]} 29. Qd7 $1 c3 (29... Bf2 {was worth a try.} 30. Be7 Rxe7 31. Qxe7 Qxe7 32. Rxe7 Bxg3) 30. Be7 {[%mdl 64] Double Attack} Qa5 $2 (30... Qxe7 31. Qxe7 Rxe7 32. Rxe7 Bd2) 31. Bxf8 Rxf8 32. Qc7 (32. Rd5 $142 Bc5 {[#]} 33. b4 $1 {[%mdl 512]} Qxb4+ 34. Rxb4 Bxb4 35. Rxf5) 32... Qxc7 33. Rxc7 cxb2 34. Kxb2 {[%mdl 4096] Endgame KRR-KRB} Bf2 35. Rd3 Rb8+ 36. Kc1 g6 37. hxg6 fxg6 38. Rd6 {[%mdl 64] Double Attack} g5 39. Rg6+ {[%mdl 64] Double Attack} Kf8 40. Rxh6 {[%cal Rh6h8]} Bd4 41. fxg5 a5 42. Rd7 Bc3 43. Kd1 Re8 {[%csl Gc3][%cal Re8e1]} 44. Rh1 Re4 45. Rf1 Kg8 46. Rc7 Re3 47. a4 Bb4 48. c4 Ra3 49. Rxf5 Rxa4 50. g6 Bd6 {White mates.} 51. Rd7 Ra1+ 52. Kc2 Ba3 53. Rff7 {Accuracy: White = 83%, Black = 46%.} 1-0

[Event "Offerspill Invitational 2020"]
[Site "Oslo"]
[Date "2020.06.16"]
[Round "7.10"]
[White "Gjestemoen-VonHirsch, Andre"]
[Black "Tunsjo, Axel"]
[Result "1-0"]
[WhiteElo "2077"]
[BlackElo "2149"]
[Annotator "TA"]
[PlyCount "91"]
[EventDate "2020.06.10"]
[EventType "swiss"]
[EventCountry "NOR"]
[SourceTitle "playchess.com"]
[Source "ChessBase"]
[SourceQuality "1"]

{[%evp 16,91,12,12,12,4,6,9,16,0,0,0,0,0,0,-18,-19,-54,-51,-64,-66,-60,-62,-87,-75,-74,-62,-62,-62,-62,-66,-74,-74,-99,-99,-98,-100,-94,-1,-2,0,0,0,0,0,0,0,0,1233,1053,5165,4752,5165,2190,29975,29976,29976,29977,29977,29978,29978,29979,29979,29980,29980,29981,29981,29982,29983,29984,29984,29985,29992,29993,29993,29994,29997,29998]} 1. e4 c6 2. Nc3 g6 3. d4 Bg7 4. h3 d5 5. Nf3 dxe4 6. Nxe4 Nf6 7. Nxf6+ exf6 8. Bc4 O-O 9. O-O a5 {now scores much better than the old 9...Nd7. B15: Caro-Kann: 3 Nc3: 3...g6 and 3...dxe4 4 Nxe4 Nf6 5 Nxf6+ exf6.} 10. a4 Na6 {[%cal Bb8a6,Ba6c7,Bc7e6][%mdl 32]} 11. Re1 Nc7 {[#] The position is equal.} 12. Bd2 $146 ({Predecessor:} 12. c3 Nd5 13. Bd2 Be6 14. Qb3 Qd7 15. Rad1 Rfb8 16. Qc2 b5 17. axb5 cxb5 18. Bf1 {0-1 (58) Florstedt,J (2337)-Muse,M (2391) Germany 2019}) 12... Be6 13. Qe2 Re8 14. Bxe6 Nxe6 15. c4 Qd7 16. Qd3 f5 {[%cal Re6d4]} 17. Bc3 {[#]} Nxd4 $1 {[%mdl 512]} 18. Rxe8+ (18. Bxd4 c5) 18... Rxe8 19. Bxd4 {Hoping for Qc3.} c5 $1 20. Qd2 Bxd4 21. Nxd4 Qxd4 22. Qxd4 cxd4 $17 {[%mdl 4096] Endgame KR-KR} 23. Kf1 Re6 24. b3 Kg7 25. Rd1 Re4 26. Rd3 Kf6 ({Black should try} 26... h5 $17) 27. f3 $11 Re3 28. Rxe3 dxe3 {KP-KP} 29. f4 $1 g5 (29... Ke6 $5 30. Ke2 $8 Kd6 31. Kxe3 Kc5 $11) 30. g3 $1 gxf4 (30... Ke6 $5 31. Ke2 $8 (31. fxg5 $2 Ke5 $19) 31... Kd6 32. Kxe3 (32. fxg5 Kc5 $11) 32... gxf4+ 33. gxf4 (33. Kxf4 $2 Kc5 $19) 33... Kc5 $11) 31. gxf4 Kg6 $2 {[%mdl 8192] Black is on the road to losing.} (31... Ke7 $11 32. Ke2 Kd6 33. Kxe3 Kc5) 32. Ke2 $18 Kh5 33. Kxe3 Kh4 {[#]} 34. c5 (34. b4 $142 $1 {[%mdl 512]} axb4 35. a5 Kxh3 36. Kd3) 34... Kxh3 {[#]} 35. b4 $1 {[%mdl 512] White mates.} axb4 36. a5 b3 37. Kd3 b2 38. Kc2 Kg2 39. c6 {[%mdl 64] Deflection, Promotion} bxc6 40. a6 h5 41. a7 h4 42. a8=Q h3 43. Qxc6+ Kg1 44. Qf3 h2 {[#]} 45. Qg3+ $1 Kh1 46. Qf2 {Accuracy: White = 84%, Black = 73%.} 1-0